| 000 | 00420nam a22001457a 4500 | ||
|---|---|---|---|
| 005 | 20240319113716.0 | ||
| 008 | 240319b |||||||| |||| 00| 0 eng d | ||
| 082 |
_a297.07 _bIBR-G |
||
| 100 | _aIbraheem bin Abdullah | ||
| 245 |
_aGunah Chornay kay Innamaat / _cby Ibraheem bin Abdullah |
||
| 260 |
_aPakistan : _bDarul Balaagh ; _c2002 . |
||
| 300 |
_a208 p. : _c21.5 cm . |
||
| 650 | _aLiterature / Islamic | ||
| 999 |
_c35397 _d35397 |
||